000
00285nam a22001337a 4500
008
180904b xxu||||| |||| 00| 0 eng d
020
_a
9780393989212
041
_a
eng
080
_a
541
100
_a
12
101
_a
KIM
245
_a
Organic Chemistry
_c
Jones.M
942
_2
udc
_c
BK
999
_c
47513
_d
47513